| 000 | 00928nam a22003017a 4500 | ||
|---|---|---|---|
| 003 | CHAP | ||
| 005 | 20220329141505.0 | ||
| 008 | 971013s1977 r 00010 d | ||
| 010 | _a68978 | ||
| 011 | _a69950 | ||
| 035 | _a79428 | ||
| 040 | _cCHAP | ||
| 090 | _aFolleto 12302 | ||
| 100 | 0 | 0 |
_aCudney, D. W. _930011 |
| 245 | _aWeed control in lettuce | ||
| 260 |
_aBerkeley, Ca : _bThe University of California. Division of Agricultural Sciences, _c1977 |
||
| 300 | _a5 p. | ||
| 490 | _aLeaflet 2987 | ||
| 500 | _a32-127 | ||
| 590 |
_aBATCH-UPD _b10 _c20130110 _lUCH01 _h0319 |
||
| 590 |
_aCONVERSION _b10 _c20130109 _lUCH01 _h1338 |
||
| 650 | 1 | 4 |
_aLechuga _xMalas hierbas _xControl. _965466 |
| 710 | 0 |
_aUniversity of California. Berkeley. Division of Agricultural Sciences. _9116704 |
|
| 830 | 0 |
_aLeaflet 2987 _965270 |
|
| 901 | _aBK | ||
| 942 | _cFOLL | ||
| 949 |
_aFolleto 12302 _bBC _cFOLL _d-32316 _eTS1 _i79428 _si _t62.39 |
||
| 999 |
_c68978 _d68978 |
||